000 00717 a2200217 4500
001 62737
005 20260407155921.0
008 260407a1986 arg spa d
003 AR-UNSa-BCEJYS
040 _aAR-UNSa-BCEJYS
_bspa
_cAR-UNSa-BCEJYS
080 _a334.724
_xExplotaciones públicas. Empresas de propiedad pública
245 1 0 _aLa empresa pública desde afuera, desde adentro
_pUn nuevo enfoque para su planeación, control y administración
020 _a978-968-18-2236-1
264 1 _aMéxico :
_bLimusa
_c1986
300 _a156 p.
_c23 cm.
041 _aspa
942 _cBK
590 _aniveau_biblio:m niveau_hierar:0
100 1 _aAcle Tomasini, Alfredo
700 1 _aVega Hutchison, Juan Manuel
999 _c7779
_d7779